[Event "Las Palmas Insular-chT Pref"]
[Site "Las Palmas"]
[Date "2015.04.11"]
[Round "13.3"]
[White "Rodriguez Melian, Jose Luis"]
[Black "Ventura Gonzalez, Francisco"]
[Result "1-0"]
[WhiteElo "2099"]
[BlackElo "2143"]
[PlyCount "113"]
[EventDate "2014.11.22"]
[EventType "team-tourn"]
[EventRounds "14"]
[EventCountry "ESP"]
[SourceTitle "EXT 2016"]
[Source "ChessBase"]
[SourceDate "2015.10.08"]
[SourceVersion "1"]
[SourceVersionDate "2015.10.08"]
[SourceQuality "1"]
[WhiteTeam "Guia Univac"]
[BlackTeam "San Andres Oleaje"]
[WhiteTeamCountry "ESP"]
[BlackTeamCountry "ESP"]

1. d4 Nf6 2. c4 c5 3. d5 b5 4. cxb5 a6 5. bxa6 Bxa6 6. Nc3 d6 7. e4 Bxf1 8. Kxf1 g6 9. Nf3 Nbd7 10. h3 Bg7 11. Kg1 0-0 12. Kh2 Qc7 13. Re1 Rfb8 14. Re2 Rb4 15. a3 Rb7 16. Rc2 c4 17. Qe2 Nc5 18. Nd1 Ra4 19. Nd2 Nd3 20. Ne3 Nh5 21. Ndxc4 Nhf4 22. Qf1 Nc5 23. g3 Nfd3 24. Rb1 h5 25. b4 Nxc1 26. Qxc1 Nxe4 27. Na5 Qd7 28. Nxb7 Qxb7 29. Rc8+ Kh7 30. Qc6 Qa7 31. Qe8 Nxf2 32. Ng2 Rxa3 33. Qxf7 Ra2 34. Rg8 Ng4+ 35. hxg4 Rxg2+ 36. Kxg2 Qa2+ 37. Kh3 hxg4+ 38. Kxg4 Qe2+ 39. Qf3 Qc4+ 40. Kh3 Kxg8 41. b5 Qc2 42. Rb3 Bf6 43. Qd3 Qf2 44. Qxg6+ Bg7 45. Qe8+ Bf8 46. Qg6+ Bg7 47. Qd3 Be5 48. Qf3 Qd2 49. Qg4+ Bg7 50. Qe6+ Kh7 51. b6 Qd1 52. Qe4+ Kh8 53. Qf3 Qc1 54. Qh5+ Kg8 55. Qf5 Qh6+ 56. Kg4 Be5 57. Qg5+ 1-0

[Event "Las Palmas Insular-chT Pref 1314"]
[Site "Agaete"]
[Date "2014.01.18"]
[Round "6.1"]
[White "Ventura Gonzalez, Francisco"]
[Black "Vega Gutierrez, Sabrina Neide"]
[Result "0-1"]
[WhiteElo "2166"]
[BlackElo "2385"]
[PlyCount "86"]
[EventDate "2013.11.09"]
[EventType "team-tourn"]
[EventRounds "14"]
[EventCountry "ESP"]
[SourceTitle "EXT 2015"]
[Source "ChessBase"]
[SourceDate "2014.11.20"]
[SourceVersion "1"]
[SourceVersionDate "2014.11.20"]
[SourceQuality "1"]
[WhiteTeam "Panaderia Pulido San Mateo"]
[BlackTeam "Anand"]
[WhiteTeamCountry "ESP"]
[BlackTeamCountry "ESP"]

1. d4 d5 2. Nf3 c6 3. g3 Nf6 4. Bg2 Bf5 5. 0-0 Nbd7 6. Re1 g6 7. Nbd2 Bg7 8. Nh4 Bg4 9. c4 0-0 10. cxd5 cxd5 11. Qb3 Qa5 12. Ndf3 Ne4 13. Bf4 Nb6 14. Ne5 Be6 15. Nhf3 f6 16. Nd3 Rfc8 17. Red1 g5 18. Be3 Nc4 19. Qxb7 Rab8 20. Qxe7 Re8 21. b4 Qb6 22. Qc5 Nxc5 23. dxc5 Qc7 24. Bd4 Ne5 25. Bc3 Nxf3+ 26. Bxf3 f5 27. Bxg7 Kxg7 28. a4 f4 29. b5 Bf5 30. c6 Be4 31. Nc5 Bxf3 32. exf3 Qd6 33. Rac1 Re2 34. Ne4 Qa3 35. Nc3 Re5 36. Rc2 fxg3 37. hxg3 Rf8 38. Kg2 Qc5 39. Rdd2 d4 40. Ne4 Qa3 41. c7 Qxf3+ 42. Kg1 Rxe4 43. c8Q Re1+ 0-1

[Event "Las Palmas Insular-chT Pref"]
[Site "Las Palmas"]
[Date "2013.02.23"]
[Round "10.3"]
[White "Angel Acosta, Juan Carlos"]
[Black "Ventura Gonzalez, Francisco"]
[Result "1/2-1/2"]
[WhiteElo "2184"]
[BlackElo "2154"]
[PlyCount "87"]
[EventDate "2012.11.10"]
[EventType "team-tourn"]
[EventRounds "14"]
[EventCountry "ESP"]
[SourceTitle "EXT 2014"]
[Source "ChessBase"]
[SourceDate "2013.11.20"]
[SourceVersion "1"]
[SourceVersionDate "2013.11.20"]
[SourceQuality "1"]
[WhiteTeam "Canarias de Las Palmas"]
[BlackTeam "Panaderia Pulido San Mateo"]
[WhiteTeamCountry "ESP"]
[BlackTeamCountry "ESP"]

1. d4 d5 2. Nf3 Nf6 3. c4 c6 4. Nc3 e6 5. Bg5 Nbd7 6. e3 Qa5 7. Nd2 Bb4 8. Qc2 0-0 9. Be2 dxc4 10. Bxf6 Nxf6 11. Nxc4 Qc7 12. 0-0 Bd7 13. Rac1 c5 14. Qb3 cxd4 15. Qxb4 dxc3 16. Qxc3 Rac8 17. Qd2 Bc6 18. Na5 Rfd8 19. Qb4 Nd5 20. Qc5 Qb8 21. Qa3 Be8 22. Bf3 b6 23. Nb3 a5 24. Rxc8 Qxc8 25. Rc1 Qd7 26. Nd4 Nb4 27. Be2 Qd5 28. b3 e5 29. Nf3 Bb5 30. Qb2 Bxe2 31. Qxe2 f6 32. h3 Qd3 33. Qb2 h6 34. a3 Na6 35. b4 axb4 36. axb4 Qb5 37. Qb3+ Qd5 38. Qa4 Ra8 39. Rd1 Nxb4 40. Rxd5 Rxa4 41. Rb5 Nd3 42. Rxb6 Ra1+ 43. Kh2 Nxf2 44. Nh4 1/2-1/2

[Event "Las Palmas Insular-chT Pref"]
[Site "Las Palmas"]
[Date "2013.01.19"]
[Round "6.3"]
[White "Natalicchio Escalante, Ricardo Nicolas"]
[Black "Ventura Gonzalez, Francisco"]
[Result "1-0"]
[WhiteElo "2195"]
[BlackElo "2154"]
[PlyCount "97"]
[EventDate "2012.11.10"]
[EventType "team-tourn"]
[EventRounds "14"]
[EventCountry "ESP"]
[SourceTitle "EXT 2014"]
[Source "ChessBase"]
[SourceDate "2013.11.20"]
[SourceVersion "1"]
[SourceVersionDate "2013.11.20"]
[SourceQuality "1"]
[WhiteTeam "Hispafrica"]
[BlackTeam "Panaderia Pulido San Mateo"]
[WhiteTeamCountry "ESP"]
[BlackTeamCountry "ESP"]

1. e4 e6 2. d4 d5 3. Nc3 c5 4. exd5 exd5 5. Bb5+ Nc6 6. dxc5 Be6 7. Be3 Nf6 8. Nf3 Be7 9. Nd4 Bd7 10. Bxc6 bxc6 11. Nb3 0-0 12. 0-0 Re8 13. f3 Bf5 14. Qd2 Rb8 15. Rae1 Bg6 16. Bd4 Nd7 17. Re2 Nf8 18. f4 Bf5 19. Re5 Qd7 20. Rfe1 Ng6 21. R5e2 Bh4 22. Rxe8+ Rxe8 23. Rxe8+ Qxe8 24. g3 Bd8 25. Bf2 h5 26. Nd4 Bd7 27. Qe2 Bf6 28. Qxe8+ Bxe8 29. b4 a6 30. a4 Ne7 31. a5 Bd7 32. Na4 Bf5 33. c3 Kf8 34. Nb6 Ke8 35. Kf1 Bd3+ 36. Ke1 g5 37. Kd2 Be4 38. fxg5 Bxg5+ 39. Be3 Bf6 40. h4 Kd8 41. Bg5 Bxg5+ 42. hxg5 Kc7 43. Ke3 Ng6 44. c4 Bg2 45. Nf5 Ne5 46. cxd5 Bxd5 47. Nxd5+ cxd5 48. Ne7 Nd7 49. Kd4 1-0

[Event "Las Palmas Insular-chT Pref"]
[Site "Las Palmas"]
[Date "2012.12.15"]
[Round "4.4"]
[White "Ventura Gonzalez, Francisco"]
[Black "Alba Santana, Cayetano"]
[Result "1-0"]
[WhiteElo "2154"]
[BlackElo "1758"]
[PlyCount "109"]
[EventDate "2012.11.10"]
[EventType "team-tourn"]
[EventRounds "14"]
[EventCountry "ESP"]
[SourceTitle "EXT 2014"]
[Source "ChessBase"]
[SourceDate "2013.11.20"]
[SourceVersion "1"]
[SourceVersionDate "2013.11.20"]
[SourceQuality "1"]
[WhiteTeam "Panaderia Pulido San Mateo"]
[BlackTeam "Grandama"]
[WhiteTeamCountry "ESP"]
[BlackTeamCountry "ESP"]

1. c4 c5 2. Nc3 e6 3. Nf3 Nf6 4. g3 Nc6 5. Bg2 Be7 6. d4 cxd4 7. Nxd4 a6 8. 0-0 0-0 9. e4 Qc7 10. Bf4 e5 11. Nxc6 dxc6 12. Bg5 Be6 13. Qe2 b5 14. b3 h6 15. Be3 Qa5 16. Rfc1 Ng4 17. Bd2 Qb6 18. Nd1 Ba3 19. Rc2 Rfd8 20. h3 Nf6 21. cxb5 axb5 22. Be3 Qb7 23. Nb2 Bxb2 24. Rxb2 Nd7 25. Rc1 Ra6 26. Rd2 Rda8 27. Rcc2 Ra3 28. f4 exf4 29. gxf4 Nf8 30. f5 Bd7 31. Qd3 Be8 32. f6 Ne6 33. fxg7 Rd8 34. Qe2 Rxd2 35. Rxd2 Nxg7 36. Bxh6 Bd7 37. Qd3 Be8 38. Qg3 f6 39. Rd8 Kh7 40. Qxg7+ Qxg7 41. Bxg7 Kxg7 42. Rxe8 Rxa2 43. e5 fxe5 44. Bxc6 Re2 45. Bxb5 Re3 46. Bc4 Kf6 47. Kg2 Rc3 48. h4 Kf5 49. h5 Rc2+ 50. Kg3 Rc3+ 51. Kh4 Rc1 52. Rf8+ Ke4 53. Kg5 Rg1+ 54. Kh6 Kd4 55. Rg8 1-0

[Event "Las Palmas Insular-chT Pref"]
[Site "Las Palmas"]
[Date "2012.11.17"]
[Round "2.4"]
[White "Ventura Gonzalez, Francisco"]
[Black "Fernandez de la Hoz A, Carlos"]
[Result "1-0"]
[WhiteElo "2154"]
[BlackElo "1871"]
[PlyCount "87"]
[EventDate "2012.11.10"]
[EventType "team-tourn"]
[EventRounds "14"]
[EventCountry "ESP"]
[SourceTitle "EXT 2014"]
[Source "ChessBase"]
[SourceDate "2013.11.20"]
[SourceVersion "1"]
[SourceVersionDate "2013.11.20"]
[SourceQuality "1"]
[WhiteTeam "Panaderia Pulido San Mateo"]
[BlackTeam "Casa Museo El Patio"]
[WhiteTeamCountry "ESP"]
[BlackTeamCountry "ESP"]

1. e4 e5 2. Nf3 Nc6 3. d4 exd4 4. Nxd4 Qf6 5. Nb5 Bc5 6. Qd2 Bb6 7. N1c3 Ba5 8. Qf4 d6 9. Bd3 a6 10. Qxf6 Nxf6 11. Na3 Bxc3+ 12. bxc3 0-0 13. 0-0 Be6 14. Re1 Nd7 15. Nc4 f6 16. f4 Rfe8 17. Ba3 Rab8 18. Ne3 Nb6 19. c4 Na4 20. Rab1 b6 21. Nd5 Rbc8 22. c5 dxc5 23. Bxa6 Bxd5 24. exd5 Nd4 25. Bxc8 Rxc8 26. Re7 Nxc2 27. Bb2 Nxb2 28. Rxb2 Nd4 29. a4 Kf8 30. Rd7 c4 31. Rb4 c5 32. dxc6 Ne2+ 33. Kf2 Nxf4 34. Rxc4 Ne6 35. Rb7 Nc5 36. Rxb6 Nd3+ 37. Kg3 Ne5 38. Rc3 Ke7 39. Rb7+ Kd6 40. Rxg7 h5 41. c7 h4+ 42. Kxh4 Rh8+ 43. Kg3 Rc8 44. a5 1-0

[Event "Las Palmas Insular-chT Pref qual"]
[Site "San Fernando"]
[Date "2012.04.14"]
[Round "1.1"]
[White "Rodriguez Melian, Jose Luis"]
[Black "Ventura Gonzalez, Francisco"]
[Result "1/2-1/2"]
[WhiteElo "2128"]
[BlackElo "2181"]
[PlyCount "87"]
[EventDate "2012.04.14"]
[EventType "team-tourn"]
[EventRounds "3"]
[EventCountry "ESP"]
[SourceTitle "EXT 2014"]
[Source "ChessBase"]
[SourceDate "2013.11.20"]
[SourceVersion "1"]
[SourceVersionDate "2013.11.20"]
[SourceQuality "1"]
[WhiteTeam "Guia"]
[BlackTeam "San Mateo"]
[WhiteTeamCountry "ESP"]
[BlackTeamCountry "ESP"]

1. d4 Nf6 2. c4 e6 3. g3 d5 4. Nf3 Bb4+ 5. Bd2 Be7 6. Bg2 0-0 7. Qc2 c6 8. 0-0 Nbd7 9. Rd1 Ne4 10. Nc3 Nxd2 11. Rxd2 Qa5 12. e4 dxc4 13. d5 b5 14. dxc6 Nc5 15. Rad1 Ba6 16. a3 Nd3 17. Ne1 b4 18. axb4 Nxb4 19. Qb1 Nxc6 20. e5 Rac8 21. Rd7 Bc5 22. Nf3 Nb4 23. Qe4 Nd3 24. Ng5 g6 25. Qh4 h5 26. Nce4 Bxf2+ 27. Nxf2 Nxf2 28. Kxf2 Qxe5 29. Ne4 Qxb2+ 30. R1d2 Qe5 31. Nf6+ Kg7 32. Ne4 c3 33. Rc2 Bb5 34. Rd6 Rc4 35. Qf4 Qxf4+ 36. gxf4 Rfc8 37. Ke3 Ba4 38. Rc1 Bc6 39. Bf3 a5 40. Rd3 Bxe4 41. Bxe4 a4 42. Rd4 Rxd4 43. Kxd4 a3 44. Bc2 1/2-1/2

[Event "Las Palmas Insular-chT Primera-A"]
[Site "Las Palmas"]
[Date "2012.02.04"]
[Round "8.1"]
[White "Ventura Gonzalez, Francisco"]
[Black "Aguilera Suarez, Antonio"]
[Result "1-0"]
[WhiteElo "2181"]
[BlackElo "1818"]
[PlyCount "163"]
[EventDate "2011.11.12"]
[EventType "team-tourn"]
[EventRounds "14"]
[EventCountry "ESP"]
[SourceTitle "EXT 2013"]
[Source "ChessBase"]
[SourceDate "2012.11.22"]
[SourceVersion "1"]
[SourceVersionDate "2012.11.22"]
[SourceQuality "1"]
[WhiteTeam "Panaderia Pulido San Mateo"]
[BlackTeam "Telde Los Llanos"]
[WhiteTeamCountry "ESP"]
[BlackTeamCountry "ESP"]

1. d4 d5 2. Bg5 Nf6 3. Bxf6 exf6 4. e3 Bd6 5. c4 dxc4 6. Bxc4 0-0 7. Nc3 Re8 8. Qb3 Rf8 9. Nf3 c6 10. Rd1 Qb6 11. Qc2 Bg4 12. Bd3 g6 13. h3 Bxf3 14. gxf3 Na6 15. a3 c5 16. d5 Rac8 17. Rg1 Kg7 18. h4 Nb4 19. Qc1 Nxd3+ 20. Rxd3 Rfe8 21. Rg4 f5 22. Rc4 a6 23. Kf1 Qd8 24. a4 b6 25. b3 Qd7 26. Ne2 Qe7 27. Nd4 Qf6 28. h5 Qg5 29. b4 Qxh5 30. bxc5 Qh1+ 31. Ke2 Qxc1 32. Rxc1 Bxc5 33. Nc6 a5 34. Nxa5 Bxe3 35. Rxc8 Rxc8 36. Kxe3 bxa5 37. Kd4 Kf6 38. Rb3 h5 39. Rb6+ Ke7 40. Ke5 h4 41. Rb7+ Ke8 42. Kf6 Rd8 43. Re7+ Kf8 44. Rxf7+ Kg8 45. Rg7+ Kf8 46. Rh7 Kg8 47. Rxh4 Rxd5 48. Kxg6 Rd3 49. Rc4 Kf8 50. Rc5 Ke7 51. Rxf5 Ke6 52. Kg5 Rb3 53. Kg4 Rb4+ 54. Rf4 Ke5 55. Re4+ Kd5 56. Kf5 Kc5 57. Kf4 Rb2 58. Kg3 Rb3 59. Kg4 Rb2 60. Kg3 Rb3 61. Kg2 Rb4 62. Kf1 Rb1+ 63. Ke2 Rb2+ 64. Kf1 Rb8 65. f4 Rb4 66. f3 Kd5 67. Re5+ Kc6 68. Rxa5 Rxf4 69. Kf2 Kb6 70. Rd5 Rxa4 71. Ke3 Kc6 72. Rd8 Kc7 73. Rd3 Rh4 74. Rd1 Rh8 75. Ke4 Re8+ 76. Kf4 Rf8+ 77. Kg3 Rg8+ 78. Kf2 Rd8 79. Rxd8 Kxd8 80. Kg3 Ke7 81. Kg4 Kf6 82. Kf4 1-0

[Event "Las Palmas-chT"]
[Site "Las Palmas"]
[Date "2011.03.19"]
[Round "9.2"]
[White "Lezcano Jaen, Pedro"]
[Black "Ventura Gonzalez, Francisco"]
[Result "1-0"]
[WhiteElo "2366"]
[BlackElo "2167"]
[PlyCount "111"]
[EventDate "2011.01.15"]
[EventType "team-swiss"]
[EventRounds "14"]
[EventCountry "ESP"]
[SourceTitle "EXT 2012"]
[Source "ChessBase"]
[SourceDate "2011.11.24"]
[SourceVersion "1"]
[SourceVersionDate "2011.11.24"]
[SourceQuality "1"]
[WhiteTeam "La Caja de Las Palmas"]
[BlackTeam "Panaderia Pulido San Mateo"]
[WhiteTeamCountry "ESP"]
[BlackTeamCountry "ESP"]

1. c4 Nf6 2. Nf3 g6 3. b3 Bg7 4. Bb2 0-0 5. g3 d5 6. cxd5 Nxd5 7. Bxg7 Kxg7 8. Bg2 Nc6 9. 0-0 e5 10. d3 Be6 11. a3 Qe7 12. b4 a6 13. Qc2 Rad8 14. Qb2 f6 15. Nbd2 g5 16. Nb3 g4 17. Nfd2 h5 18. Rfd1 h4 19. d4 exd4 20. Nxd4 hxg3 21. hxg3 Nxd4 22. Qxd4 c6 23. Nf1 Rd7 24. Rac1 Rfd8 25. Re1 a5 26. bxa5 Qxa3 27. Qa1 Qxa1 28. Rxa1 Ra8 29. Rec1 Ra6 30. Be4 Nb4 31. Ne3 Rd4 32. Nf5+ Bxf5 33. Bxf5 Rd5 34. Bc8 Raxa5 35. Rxa5 Rxa5 36. Bxb7 f5 37. Rc4 Rb5 38. Bc8 Kf6 39. Rf4 Na2 40. e4 Nc3 41. Rxf5+ Rxf5 42. Bxf5 Ke5 43. Kf1 c5 44. Bxg4 Kxe4 45. Ke1 Nb5 46. Be2 Nd6 47. Kd2 Kd4 48. Bd3 c4 49. Bc2 c3+ 50. Ke2 Nf7 51. g4 Ne5 52. g5 Nd7 53. g6 Ke5 54. g7 Nf6 55. Bb3 Ke4 56. g8Q 1-0

[Event "Las Palmas-chT"]
[Site "Las Palmas"]
[Date "2011.01.15"]
[Round "1.3"]
[White "Ventura Gonzalez, Francisco"]
[Black "Rojas Mirabal, Pedro"]
[Result "1-0"]
[WhiteElo "2167"]
[BlackElo "2009"]
[PlyCount "63"]
[EventDate "2011.01.15"]
[EventType "team-swiss"]
[EventRounds "14"]
[EventCountry "ESP"]
[SourceTitle "EXT 2012"]
[Source "ChessBase"]
[SourceDate "2011.11.24"]
[SourceVersion "1"]
[SourceVersionDate "2011.11.24"]
[SourceQuality "1"]
[WhiteTeam "Panaderia Pulido San Mateo"]
[BlackTeam "Piscolabis Oleaje San Andres"]
[WhiteTeamCountry "ESP"]
[BlackTeamCountry "ESP"]

1. e4 e5 2. Nf3 Nc6 3. d4 exd4 4. Nxd4 Qf6 5. Nb5 Bc5 6. Qe2 Bb6 7. N1c3 Nge7 8. Be3 Ba5 9. 0-0-0 0-0 10. Nd5 Nxd5 11. exd5 Ne5 12. d6 cxd6 13. Rxd6 Qd8 14. Rd5 a6 15. Nd6 Ng6 16. h4 Bb4 17. Qg4 Bxd6 18. Rxd6 Qc7 19. Qd4 b5 20. h5 Ne7 21. Bd3 Nc6 22. Qe4 f5 23. Qd5+ Rf7 24. Bxf5 Nb4 25. Bxh7+ Kxh7 26. Qe4+ Kg8 27. Qxb4 Bb7 28. h6 Qc4 29. Qxc4 bxc4 30. Bd4 gxh6 31. Rhxh6 Rf5 32. Rxd7 1-0